One Piece - Fruit du Démon par Image #1 - Statistiques

Statistiques générales
  • Ce quiz a été pris 51 fois
  • Le résultat moyen est 8 sur 20
Statistiques - réponses
Par images Réponse % Correct
Fruit de Nika
95%
Fruit du Bistouri
59%
Fruit du Phoenix
59%
Fruit du Léopard
51%
Pyro - Fruit
51%
Fruit des Ténèbres
49%
Fruit du Dragon Azur
49%
Fruit de l'Humain
44%
Fruit des Sables
41%
Fulguro - Fruit
41%
Magnéto - Fruit
41%
Fruit du Tremblement
36%
Ciro - Fruit
33%
Fruit des Eclosions
33%
Fruit des Coussinets
31%
Fruit du Magma
31%
Fruit Fumigène
28%
Fruit des Fils
26%
Travesti - Fruit
18%
Fruit du Riz Gluant
15%
Aucun quiz correspondant
Distribution des résultats
% des personnes avec chaque résultat
Percentile par nombre de réponses
Votre historique - résultats
Vous n’avez pas pris ce quiz